000
00340nam a22001457a 4500
008
210301b ||||| |||| 00| 0 eng d
020
_a
1556644108
041
_a
eng
080
_2
2nd
_a
610.73
082
_a
610.73
100
_a
1
101
_a
INF
245
_a
Acute & Chronics Wounds Nursing Management
_c
Bryant, R.A
942
_2
udc
_c
BK
999
_c
55378
_d
55378